Fácil, menos fácil y difícil: 100 problemas de lógica y matemática

Saved in:
Bibliographic Details
Main Author: Mataix Lorda, Mariano (autor)
Format: Book
Language:Spanish
Published: Barcelona Marcombo 1981
Subjects:
Tags: Add Tag
No Tags, Be the first to tag this record!

MARC

LEADER 00000nam a2200000 a 4500
001 UCP6035
003 CL-VaPUC
008 991008e19810000SP |||||||||||||||||spa|d
082 0 4 |a 793.93  |b MAT  |2 21 
100 |a Mataix Lorda, Mariano  |e autor  |9 544603 
245 1 0 |a Fácil, menos fácil y difícil: 100 problemas de lógica y matemática 
300 |a 188 p 
942 |c BK 
945 |d 19991008 00:00:00  |a rbrito 
260 |a Barcelona  |b Marcombo  |c 1981 
650 7 |a MATEMATICAS RECREATIVAS  |2 CL-VaPUC  |9 269273 
650 7 |a JUEGOS MATEMATICOS  |2 CL-VaPUC  |9 434824 
650 7 |a CRIPTOGRAMA  |2 CL-VaPUC  |9 434825 
650 0 |a Mnemotecnia  |9 310301 
583 |a last modification  |c 19991008 00:00:00  |k Rodrigo Vera 
999 |c 283666  |d 283664 
952 |0 0  |1 0  |4 0  |6 793_930000000000000_MAT_1981  |7 0  |8 A  |9 327017  |a BIBMAT  |b BIBMAT  |d 2019-11-20  |i 3563979  |o 793.93 MAT 1981  |p 3563979  |r 2025-01-07  |w 2019-11-20  |y BK  |k MAT